Richest Countries (and Dependencies) by GDP per Capita - Statistics

General Stats
  • This quiz has been taken 32 times
  • The average score is 32 of 40
Answer Stats
GDP per Capita Country % Correct
68,827 Denmark
100%
133,745 Luxembourg
100%
101,103 Norway
100%
61,029 Sweden
100%
66,916 Australia
97%
56,802 Austria
97%
53,377 Belgium
97%
52,722 Canada
97%
54,351 Finland
97%
44,408 France
97%
51,383 Germany
97%
114,581 Ireland
97%
61,098 Netherlands
97%
48,826 New Zealand
97%
52,949 San Marino
97%
91,100 Singapore
97%
98,767 Switzerland
97%
46,542 United Kingdom
97%
80,034 United States
97%
75,180 Iceland
93%
169,260 Liechtenstein
93%
234,317 Monaco
93%
83,891 Qatar
93%
49,451 United Arab Emirates
90%
44,387 Andorra
86%
55,535 Israel
86%
36,989 Malta
83%
52,429 Hong Kong
72%
114,090 Bermuda
66%
50,571 Macau
66%
49,444 British Virgin Islands
62%
86,569 Cayman Islands
55%
58,185 Greenland
55%
87,158 Isle of Man
55%
69,010 Faroe Islands
52%
39,552 United States Virgin Islands
52%
38,567 Puerto Rico
41%
37,160 New Caledonia
31%
39,940 European Union
21%
75,153 Channel Islands
14%
No matching quizzes found
Score Distribution
Percent of People with Each Score
Percentile by Number Answered
Your Score History
You have not taken this quiz